| 000 | 00619nam a22001937a 4500 | ||
|---|---|---|---|
| 005 | 20251108172139.0 | ||
| 008 | 250721s1986 xx 000 0 ara d | ||
| 082 | 1 | 4 | _aط/ق/إبر |
| 100 | 1 | _aالبصري، أبراهيم | |
| 245 | 1 | 0 | _aمغامرات دبدوب / |
| 264 | 1 |
_aبغداد : _bوزارة الثقافة و الإعلام - دار ثقافة الأطفال، _c1986. |
|
| 300 | _a38ص. | ||
| 650 | 1 | 7 | _aأدب الأطفال |
| 650 | 1 | 7 | _aقصص |
| 653 | _aاطفال مرحله متوسطه (6-9) سنوات | ||
| 700 | 1 |
_aحميد، ختام _eرسوم |
|
| 942 |
_2ddc _cBK |
||
| 999 |
_c71615 _d71615 |
||